000 00429nam a2200157 4500
001 24957
005 20230411085952.0
008 060907n19uu dr spa
035 _9funglode25146
041 _aES
100 _aRivera, Papito
245 1 3 _aEl guerrillero general demetrio rodriguez :
_bResumen cronológico /
_cPapito Rivera
260 _a[s. l.] :
_b[s.n.],
_c[s.f.]
300 _a66 p.
942 _2lcc
_cbk
999 _c110200
_d110200